Vista normal Vista MARC

Entrada Personal Name

Número de registros utilizados en: 2

001 - CONTROL NUMBER

  • control field: 37493

003 - CONTROL NUMBER IDENTIFIER

  • control field: OSt

005 - DATE AND TIME OF LATEST TRANSACTION

  • control field: 20210510095843.0

008 - FIXED-LENGTH DATA ELEMENTS

  • fixed length control field: 210510|| aca||aabn | a|a d

040 ## - CATALOGING SOURCE

  • Original cataloging agency: OSt
  • Transcribing agency: OSt

100 ## - HEADING--PERSONAL NAME

  • Personal name: Singh, S. P.

670 ## - SOURCE DATA FOUND

  • Source citation: Work cat.: (OSt)11662: Agarwala, A.N., autor 26119, La economía del subdesarrollo / , 1963.